Estudio de factibilidad técnica y socioeconómica para la apertura de la carrera de ingeniería industrial en la Sede de Occidente de la Universidad de Costa Rica
Sparad:
| Huvudupphovsman: | |
|---|---|
| Övriga upphovsmän: | , |
| Materialtyp: | Bok |
| Publicerad: |
San José, C.R.
1997
|
| Ämnen: | |
| Taggar: |
Lägg till en tagg
Inga taggar, Lägg till första taggen!
|
MARC
| LEADER | 00000nam a2200000Ia 4500 | ||
|---|---|---|---|
| 003 | 008360 | ||
| 005 | 20221231144226.0 | ||
| 008 | 140114s1997 cr a m 000 ||s d | ||
| 040 | |c cru CEDI | ||
| 090 | |a TFG 3773 | ||
| 100 | |a Carvajal Salas, Christian |9 9170 | ||
| 245 | |a Estudio de factibilidad técnica y socioeconómica para la apertura de la carrera de ingeniería industrial en la Sede de Occidente de la Universidad de Costa Rica | ||
| 260 | |c 1997 |a San José, C.R. | ||
| 300 | |a xv, 179, [130] hojas : ilustraciones | ||
| 500 | |a Proyecto de graduación(licenciatura en ingeniería industrial)--Universidad de Costa Rica. Facultad de Ingeniería. Escuela de Ingeniería Industrial | ||
| 650 | |x UNIVERSIDAD DE COSTA RICA. SEDE DE OCCIDENTE |x INGENIERIA INDUSTRIAL - ENSEÑANZA SUPERIOR - SAN RAMON (ALAJUELA, COSTA RICA) |9 9173 | ||
| 700 | |9 9171 |a Córdoba Chavarría, Priscila | ||
| 700 | |9 9172 |a Retana Palma, Yamileth | ||
| 942 | |c TFG | ||
| 999 | |c 18698 |d 18698 | ||
